00893nam a22001815i 4500001000700000003000900007005001700016008004100033100003700074245020300111260006200314300002200376530003500398650001900433700002800452852009300480856013800573162797ES-MaACL20260201063017.0990917s1848 sp |||| | spa d1 aQuételet, Adolphe, d1796-187410aCartas dirijidas [sic] a S.A.R. el duque reinante de Sajonia Coburgo y Gotha sobre la teoría de la ciencia estadística / cpor A. Quetelet ; y traducidas del francés por Juan Bautista Trupita. aMadrid : b[s.n.], c1848 (fImp. de Baltasar González) a104 p. ; c22 cm. aDisponible en formato digital. 4aEstadística.1 aTrupita, Juan Bautista.4 aES-MaACLjT-33-F-1 z- Enc. hol., falto de cub. originalz- Enc. en un vol. facticio4 uhttp://bvrajyl.rajyl.es/i18n/consulta/registro.cmd?id=8430 zBiblioteca Virtual de la Real Academia de Jurisprudencia y Legislación